000 00341nam a22001457a 4500
008 210527b ||||| |||| 00| 0 eng d
020 _a9780132635349
041 _aeng
080 _22nd
_a541
082 _a541
100 _a12
101 _aKIM
245 _aElements of Chemical Reaction Engineering
_cH. Scott Fogler
942 _2udc
_cBK
999 _c57729
_d57729